Les pays qui sont plus peuplés que leurs voisins - Mort subite - Statistiques

Statistiques générales
  • Ce quiz a été pris 66 fois
  • Le résultat moyen est 4 sur 17
Answers on the Grid
Answers color-coded by a green-red scale on the quiz's grid according to % correct below.
Afrique du Sud
Chine
Algérie
Brésil
France
Allemagne
Russie
Corée du Sud
Iran
Égypte
Pakistan
Vietnam
Éthiopie
États-Unis
Turquie
Haïti
Australie
Argentine
Ghana
Philippines
Inde
Indonésie
Tanzanie
Nigeria
RD Congo
Pérou
Royaume-Uni
Suède
Japon
Thaïlande
 
Statistiques - réponses
Réponse % Correct
Brésil
48%
Afrique du Sud
43%
États-Unis
36%
Inde
36%
Allemagne
31%
Corée du Sud
24%
Égypte
24%
Nigeria
24%
Royaume-Uni
24%
RD Congo
21%
Algérie
19%
Indonésie
19%
Éthiopie
14%
Suède
14%
Thaïlande
10%
Ghana
5%
Haïti
5%
Aucun quiz correspondant
Distribution des résultats
% des personnes avec chaque résultat
Percentile par nombre de réponses
Votre historique - résultats
Vous n’avez pas pris ce quiz